| 000 | 01032nam a22002417a 4500 | ||
|---|---|---|---|
| 005 | 20151112111827.0 | ||
| 008 | 151112b mx||||| |||| 00| 0 spa d | ||
| 020 | _a9682325595 | ||
| 050 | 0 | 4 |
_aPQ8603.M4 _bO94 2004 |
| 100 | 1 |
_aOwen, Gilberto, _d1904-1952 |
|
| 245 | 1 | 0 |
_aMe muero de sin usted : _bcartas de amor a Clementina Otero / _cGilberto Owen ; Edición y notas de Marinela Barrios Otero y Vicente Quirarte |
| 250 | _a1a ed. | ||
| 260 |
_aMéxico, D. F. : _bEl Colegio de Sinaloa : Siglo Veintiuno Editores, _c2004 |
||
| 300 |
_a205 p. : _bil. ; _c23 cm. |
||
| 440 | 0 | _aLos once rios | |
| 500 | _aNota : "Acompañadas de los textos, El enamorado en sus cartas de Vicente Quirarte y Gilberto Owen en su centenario, de Jaime Labastida"--Portada | ||
| 504 | _aIncluye referencias bibliograficas | ||
| 600 | 1 | 4 |
_aOtero, Clementina, _d1909-1996 _xCorrespondencia |
| 650 | 4 |
_aLiteratura mexicana _xCorrespondencia |
|
| 700 | 1 |
_aBarrios Otero, Marinela, _qed. |
|
| 700 | 1 |
_aQuirarte, Vicente, _qed. |
|
| 942 |
_2lcc _cLIB |
||
| 999 |
_c108435 _d108435 |
||